[Event "Dyfed Open"]
[Site "Fishguard"]
[Date "2020.02.16"]
[Round "5.6"]
[White "Hewitt, William AR"]
[Black "Powell, J Lloyd"]
[Result "1/2-1/2"]
[WhiteElo "1990"]
[BlackElo "2064"]
[PlyCount "31"]
[EventDate "2020.02.14"]
[EventType "swiss"]
[EventRounds "5"]
[EventCountry "WLS"]
[SourceTitle "BritBase"]
[Source "John Saunders"]
[SourceDate "2024.03.04"]
[SourceVersion "1"]
[SourceVersionDate "2020.02.18"]
[SourceQuality "1"]

1. e4 c5 2. Nf3 e6 3. c3 Nf6 4. e5 Nd5 5. d4 cxd4 6. cxd4 Nc6 7. Nc3 Nxc3 8.
bxc3 d6 9. exd6 Bxd6 10. Bd3 h6 11. O-O O-O 12. Qe2 Bd7 13. Rb1 b6 14. Re1 Qe7
15. Bd2 f5 16. Bb5 1/2-1/2

[Event "Dyfed Open"]
[Site "Fishguard"]
[Date "2020.02.16"]
[Round "5.7"]
[White "Barnaby, Nicholas"]
[Black "Waddington, Michael P"]
[Result "0-1"]
[WhiteElo "1750"]
[BlackElo "2046"]
[PlyCount "112"]
[EventDate "2020.02.14"]
[EventType "swiss"]
[EventRounds "5"]
[EventCountry "WLS"]
[SourceTitle "BritBase"]
[Source "John Saunders"]
[SourceDate "2024.03.04"]
[SourceVersion "1"]
[SourceVersionDate "2020.02.18"]
[SourceQuality "1"]

1. d4 f5 2. Qd3 d5 3. g4 e6 4. g5 c5 5. c3 Nc6 6. f4 Bd7 7. e3 c4 8. Qd1 b5 9.
b3 Bd6 10. Qh5+ Kf8 11. Qd1 Nge7 12. h4 Qb8 13. Rh2 Nc8 14. a4 Na5 15. axb5
Nxb3 16. Raa2 Bxb5 17. Nd2 Nxc1 18. Qxc1 Nb6 19. Be2 Ke7 20. Ngf3 Rc8 21. Ne5
Be8 22. Bd1 Kf8 23. h5 Qc7 24. Nf1 Rcb8 25. Ng3 Kg8 26. Rhb2 Qe7 27. Qb1 Ba3
28. Rh2 Bd6 29. Rhb2 Rc8 30. Bc2 Rab8 31. Nxf5 exf5 32. Bxf5 Bxe5 33. dxe5 Rc7
34. Bxh7+ Kh8 35. Bg6 Qc5 36. Kf2 Bc6 37. Qh1 Rf8 38. Ke2 Kg8 39. h6 d4 40.
cxd4 Qe7 41. Be4 Bxe4 42. Qxe4 c3 43. hxg7 Kxg7 44. Rc2 Rh8 45. Qg2 Qe6 46. e4
Qc4+ 47. Ke3 Kf8 48. g6 Rd7 49. d5 Kg8 50. e6 Nxd5+ 51. exd5 Rxd5 52. Kf2 Qxf4+
53. Ke1 Qe3+ 54. Re2 Qc1+ 55. Kf2 Rf5+ 56. Qf3 Rh2+ 0-1

[Event "Dyfed Open"]
[Site "Fishguard"]
[Date "2020.02.16"]
[Round "5.8"]
[White "Van Kemenade, Rudy"]
[Black "Jones, Martin C"]
[Result "1-0"]
[WhiteElo "1889"]
[BlackElo "1745"]
[PlyCount "77"]
[EventDate "2020.02.14"]
[EventType "swiss"]
[EventRounds "5"]
[EventCountry "WLS"]
[SourceTitle "BritBase"]
[Source "John Saunders"]
[SourceDate "2024.03.04"]
[SourceVersion "1"]
[SourceVersionDate "2020.02.18"]
[SourceQuality "1"]

1. e4 c5 2. Nf3 e6 3. d3 g6 4. Bg5 Qc7 5. Na3 a6 6. e5 Bg7 7. Nc4 Bf8 8. a4 d5
9. exd6 Bxd6 10. Nxd6+ Qxd6 11. Be2 f6 12. Bh4 Nd7 13. Bg3 e5 14. h4 Ne7 15. h5
g5 16. Nd2 Nf5 17. Nc4 Qc7 18. Bh2 Nb6 19. Ne3 Nxe3 20. fxe3 Nd5 21. Qd2 Be6
22. O-O O-O 23. c4 Ne7 24. d4 Rad8 25. Qc3 Nc8 26. dxe5 f5 27. Rad1 Qf7 28.
Rxd8 Rxd8 29. g4 Qd7 30. Rd1 Qe7 31. Rxd8+ Qxd8 32. gxf5 Bxf5 33. Bf3 Ne7 34.
e6 g4 35. Bxb7 Qd1+ 36. Kf2 g3+ 37. Bxg3 Qxh5 38. Qf6 Qe8 39. Be5 1-0

[Event "Dyfed Open"]
[Site "Fishguard"]
[Date "2020.02.16"]
[Round "5.9"]
[White "Haigh, Anthony J"]
[Black "Marin Marin, Francisco Javier"]
[Result "0-1"]
[WhiteElo "1773"]
[BlackElo "1776"]
[PlyCount "48"]
[EventDate "2020.02.14"]
[EventType "swiss"]
[EventRounds "5"]
[EventCountry "WLS"]
[SourceTitle "BritBase"]
[Source "John Saunders"]
[SourceDate "2024.03.04"]
[SourceVersion "1"]
[SourceVersionDate "2020.02.18"]
[SourceQuality "1"]

1. d4 Nf6 2. Bg5 d5 3. Bxf6 exf6 4. e3 Bd6 5. g3 Be6 6. Bg2 O-O 7. Nd2 Nd7 8.
c3 f5 9. Nh3 Nf6 10. O-O Re8 11. Nf4 c6 12. Nxe6 Rxe6 13. c4 dxc4 14. Nxc4 Bc7
15. b4 Ne4 16. Qc2 Qg5 17. Nd2 Rae8 18. Rab1 Rh6 19. Nxe4 fxe4 20. Bxe4 Qh5 21.
Rfd1 Qxh2+ 22. Kf1 Bxg3 23. fxg3 Rf6+ 24. Ke1 Qxg3+ 0-1

[Event "Dyfed Open"]
[Site "Fishguard"]
[Date "2020.02.16"]
[Round "5.10"]
[White "Williams, R Gareth"]
[Black "Taylor, Robert Graham"]
[Result "0-1"]
[WhiteElo "1642"]
[BlackElo "1844"]
[PlyCount "64"]
[EventDate "2020.02.14"]
[EventType "swiss"]
[EventRounds "5"]
[EventCountry "WLS"]
[SourceTitle "BritBase"]
[Source "John Saunders"]
[SourceDate "2024.03.04"]
[SourceVersion "1"]
[SourceVersionDate "2020.02.18"]
[SourceQuality "1"]

1. e4 c5 2. Bc4 e6 3. Nc3 Nc6 4. Nf3 d6 5. O-O Be7 6. d4 cxd4 7. Nxd4 a6 8.
Nxc6 bxc6 9. a3 Nf6 10. Re1 O-O 11. Bf4 e5 12. Be3 Ng4 13. Qe2 Nxe3 14. Qxe3
Kh8 15. Rad1 f5 16. f3 f4 17. Qd3 Rf6 18. Re2 Rh6 19. g3 Qb6+ 20. Kh1 fxg3 21.
Rg2 Rxh2+ 22. Rxh2 gxh2 23. Na4 Qf2 24. Rf1 Qg3 25. f4 Qxd3 26. cxd3 Bh3 27.
Rf2 exf4 28. Kxh2 Bg4 29. Rxf4 h5 30. Nc3 Rb8 31. b4 Bf6 32. Na2 Be5 0-1

[Event "Dyfed Open"]
[Site "Fishguard"]
[Date "2020.02.16"]
[Round "5.12"]
[White "Greatorex, Roger"]
[Black "Dixon, Chris"]
[Result "1/2-1/2"]
[WhiteElo "1735"]
[BlackElo "1754"]
[PlyCount "70"]
[EventDate "2020.02.14"]
[EventType "swiss"]
[EventRounds "5"]
[EventCountry "WLS"]
[SourceTitle "BritBase"]
[Source "John Saunders"]
[SourceDate "2024.03.04"]
[SourceVersion "1"]
[SourceVersionDate "2020.02.18"]
[SourceQuality "1"]

1. d4 d5 2. Nf3 Nf6 3. Bg5 e6 4. Nbd2 Be7 5. e3 O-O 6. Bd3 Nbd7 7. O-O h6 8.
Bh4 b6 9. Ne5 Bb7 10. f4 Ne4 11. Bxe7 Qxe7 12. Rf3 Nxe5 13. fxe5 f5 14. exf6
Rxf6 15. Rxf6 Qxf6 16. Nf3 c5 17. c3 Rf8 18. Qe2 Bc6 19. Bxe4 dxe4 20. Ne5 Be8
21. Rf1 Qg5 22. Rxf8+ Kxf8 23. Qf2+ Qf6 24. Kf1 Ke7 25. Qxf6+ gxf6 26. Ng4 h5
27. Nf2 cxd4 28. exd4 f5 29. Ke2 Kd6 30. Ke3 b5 31. h4 a5 32. Kf4 Kd5 33. b3 b4
34. cxb4 axb4 35. Ke3 e5 1/2-1/2

[Event "Dyfed Open"]
[Site "Fishguard"]
[Date "2020.02.16"]
[Round "5.13"]
[White "Pinch, David"]
[Black "Probert, Malcolm"]
[Result "1/2-1/2"]
[WhiteElo "1667"]
[BlackElo "1565"]
[PlyCount "45"]
[EventDate "2020.02.14"]
[EventType "swiss"]
[EventRounds "5"]
[EventCountry "WLS"]
[SourceTitle "BritBase"]
[Source "John Saunders"]
[SourceDate "2024.03.04"]
[SourceVersion "1"]
[SourceVersionDate "2020.02.18"]
[SourceQuality "1"]

1. d4 d5 2. c4 c6 3. cxd5 cxd5 4. Nf3 Nc6 5. g3 g6 6. Bg2 Bg7 7. O-O Nf6 8. Nc3
O-O 9. Bf4 Ne4 10. Ne5 Nxc3 11. bxc3 Nxe5 12. Bxe5 Bxe5 13. dxe5 e6 14. Qd4 Qc7
15. e4 dxe4 16. Rfd1 b6 17. Bxe4 Bb7 18. Bxb7 Qxb7 19. Qe3 Rfd8 20. Rd6 Rxd6
21. exd6 Qd5 22. Qe2 Qxd6 23. Rd1 1/2-1/2

[Event "Dyfed Open"]
[Site "Fishguard"]
[Date "2020.02.16"]
[Round "5.14"]
[White "Van Kemenade, Julie"]
[Black "Orton, Paul"]
[Result "0-1"]
[WhiteElo "1689"]
[BlackElo "1580"]
[PlyCount "66"]
[EventDate "2020.02.14"]
[EventType "swiss"]
[EventRounds "5"]
[EventCountry "WLS"]
[SourceTitle "BritBase"]
[Source "John Saunders"]
[SourceDate "2024.03.04"]
[SourceVersion "1"]
[SourceVersionDate "2020.02.18"]
[SourceQuality "1"]

1. e4 c5 2. Nc3 d6 3. Bc4 g6 4. f4 Bg7 5. Nf3 Nc6 6. O-O Nf6 7. d3 O-O 8. a3 a6
9. Ne2 b5 10. Ba2 Qb6 11. Kh1 Bb7 12. Ng3 Rac8 13. f5 Rfd8 14. Ng5 Ne5 15. Bf4
Rf8 16. Bxe5 dxe5 17. Rf3 Bh6 18. Nh3 c4 19. Qe2 cxd3 20. cxd3 Rfd8 21. Nf2 Rc7
22. h3 Rdc8 23. Ng4 Rc1+ 24. Rxc1 Rxc1+ 25. Rf1 Rxf1+ 26. Nxf1 Nxg4 27. hxg4
Qd4 28. g3 Bc1 29. fxg6 hxg6 30. Qf3 e6 31. Qf6 Qxd3 32. Bxe6 Qxe4+ 33. Kg1
Qg2# 0-1

[Event "Dyfed Open"]
[Site "Fishguard"]
[Date "2020.02.16"]
[Round "5.15"]
[White "Ley, Cyril J"]
[Black "Francis, Matthew"]
[Result "1/2-1/2"]
[WhiteElo "1603"]
[BlackElo "1642"]
[PlyCount "50"]
[EventDate "2020.02.14"]
[EventType "swiss"]
[EventRounds "5"]
[EventCountry "WLS"]
[SourceTitle "BritBase"]
[Source "John Saunders"]
[SourceDate "2024.03.04"]
[SourceVersion "1"]
[SourceVersionDate "2020.02.18"]
[SourceQuality "1"]

1. Nf3 d5 2. c4 dxc4 3. Na3 Nf6 4. Nxc4 e6 5. d3 Be7 6. g3 O-O 7. Bg2 c6 8. O-O
Nbd7 9. Bf4 Nb6 10. Rc1 Nbd5 11. Bd2 h6 12. Qb3 Nd7 13. d4 c5 14. Ba5 b6 15.
Bd2 cxd4 16. Nxd4 Nc5 17. Qd1 Bd7 18. e4 Nf6 19. Ne5 Rc8 20. Qe2 Be8 21. Bc3
Qd6 22. Nc4 Qb8 23. Rfd1 Bd7 24. b3 Rfd8 25. f3 Be8 1/2-1/2